Manchester United Squad 2018-2019 - Statistics

General Stats
  • This quiz has been taken 93 times
  • The average score is 24 of 28
Answer Stats
# Position Nation Player % Correct
1 GK Spain David de Gea
100%
2 DF Sweden Victor Lindelöf
100%
8 MF Spain Juan Mata
98%
6 MF France Paul Pogba
98%
7 FW Chile Alexis Sánchez
97%
3 DF Ivory Coast Eric Bailly
97%
17 MF Brazil Fred
97%
10 FW England Marcus Rashford
95%
11 FW France Anthony Martial
94%
9 FW Belgium Romelu Lukaku
94%
20 DF Portugal Diogo Dalot
92%
31 MF Serbia Nemanja Matić
92%
39 MF Scotland Scott McTominay
92%
25 DF Ecuador Antonio Valencia
91%
- Coach Norway Ole Gunnar Solskjær
89%
4 DF England Phil Jones
89%
22 GK Argentina Sergio Romero
88%
- Coach Portugal José Mourinho
86%
23 DF England Luke Shaw
86%
16 DF Argentina Marcos Rojo
83%
36 DF Italy Matteo Darmian
83%
21 MF Spain Ander Herrera
80%
27 MF Belgium Marouane Fellaini
80%
12 DF England Chris Smalling
75%
18 DF England Ashley Young
70%
14 FW England Jesse Lingard
67%
15 MF Brazil Andreas Pereira
56%
13 GK England Lee Grant
42%
No matching quizzes found
Score Distribution
Percent of People with Each Score
Percentile by Number Answered
Your Score History
You have not taken this quiz